000 00725nam a2200241Ia 4500
003 OSt
005 20220923220717.0
006 a|||||r|||| 00| 0
007 ta
008 220922b |||||||| |||| 00| 0 hin d
024 _a189,473
037 _cTextual
040 _aARTS
_cARTS
_bhin
041 _2hin
_ahin
082 _aO152,2N26,NM, L7
100 _aमिश्र, सरजू प्रसाद
245 0 _aनारद मोह
246 _aNārad moha
260 _aदिल्ली
_b वाणी प्रकाशन
_c1977
300 _a102पृ.
_ccm.
942 _hO152,2N26,NM, L7
_cTEXL
_2CC
999 _c342316
_d342316